| 000 | 02048nam0a2200337 4500 | ||
|---|---|---|---|
| 001 | RU\NLR\BIBL_A\012851770 | ||
| 005 | 20231218120330.0 | ||
| 010 |
_a978-5-6047264-3-3 _9250 |
||
| 021 |
_aRU _bКН-П-22-028404 _9КН-П-22-2437 |
||
| 035 | _a(NLR Aleph) 012851770 | ||
| 035 | _a(RuMoRGB)011061726 | ||
| 090 |
_a12429506 _c12429506 |
||
| 100 | _a20220721d2022 m y0rusy50 ca | ||
| 101 | 0 | _arus | |
| 102 | _aRU | ||
| 105 | _aach z 000zy | ||
| 181 | 0 |
_ai _baxxe |
|
| 182 | 0 | _an | |
| 200 | 1 |
_aНесерьезно о серьезном _eиз записок доктора Багдыкова _fГеоргий Багдыков |
|
| 203 |
_aТекст _bвизуальный _cнепосредственный |
||
| 210 |
_aТаганрог _cВеда _d2022 |
||
| 215 |
_a196, [1] с. _cил., портр., факс. _d21 |
||
| 330 | _aВ книге уролога Георгия Багдыкова <Несерьезно о серьезном> рассказывается в популярной форме о различных заболеваниях, об их профилактике и лечении. Но не только об этом пишет автор. Он делится с читателями своими мыслями о медицине и жизни. Книга <Несерьезно о серьезном> рассчитана на широкий круг читателей. Посвящается светлой памяти моего отца, заслуженного врача России, краеведа и писателя Минаса Георгиевича Багдыкова | ||
| 606 | 1 |
_aМедицина _jПопулярные издания _2nlr_sh1 _2nlr_sh2 _3RU\NLR\AUTH\662895 |
|
| 675 |
_a616 _v4 |
||
| 686 | 1 | _aР.я9 | |
| 700 | 1 |
_aБагдыков _bГ. М. _cврач-уролог, журналист _f1971- _gГеоргий Минасович _3RU\NLR\AUTH\770168658 |
|
| 942 | _cBOOK | ||
| 980 | _aNB | ||